Automatización de sistema de control de entrega de medicamentos / (Registro nro. 2327)

Detalles MARC
000 -LEADER
campo de control de longitud fija 02038nam a22003737a 4500
001 - NÚMERO DE CONTROL
campo de control 42835
003 - IDENTIFICADOR DE NÚMERO DE CONTROL
campo de control gtgccic
005 - FECHA Y HORA DE LA ÚLTIMA TRANSACCIÓN
campo de control 20251014115713.0
007 - CAMPO FIJO DE DESCRIPCIÓN FÍSICA--INFORMACIÓN GENERAL
campo de control de longitud fija ta
008 - DATOS DE LONGITUD FIJA--INFORMACIÓN GENERAL
campo de control de longitud fija 251014b gt ||||| |||| 00| 0 spa d
040 ## - FUENTE DE CATALOGACIÓN
Centro catalogador/agencia de origen gtgccic
Lengua de catalogación spa
Centro/agencia transcriptor gtgccic
Normas de descripción rda
084 ## - OTRO NÚMERO DE CLASIFICACIÓN
Número de control del registro de autoridad o número normalizado TPI-15-0065
100 10 - ENTRADA PRINCIPAL--NOMBRE DE PERSONA
Nombre de persona José Alejo Ramírez Soto
Fechas asociadas al nombre Ingeniero en Ciencias y Sistemas
Término indicativo de función/relación autor
245 10 - MENCIÓN DEL TÍTULO
Título Automatización de sistema de control de entrega de medicamentos /
Mención de responsabilidad, etc. Ramírez Soto, José Alejo
264 #1 - PRODUCCIÓN, PUBLICACIÓN, DISTRIBUCIÓN, FABRICACIÓN Y COPYRIGHT
Producción, publicación, distribución, fabricación y copyright Guatemala, Guatemala :
Nombre del de productor, editor, distribuidor, fabricante USAC, Facultad de Ingeniería
Fecha de producción, publicación, distribución, fabricación o copyright 2015.-
300 ## - DESCRIPCIÓN FÍSICA
Extensión xxviii, 125 p. :
Otras características físicas il. ;
Dimensiones 27 cm
336 ## - TIPO DE CONTENIDO
Fuente rdacontenido
Término de tipo de contenido Texto
Código de tipo de contenido txt
337 ## - TIPO DE MEDIO
Fuente rdamedio
Nombre/término del tipo de medio sin mediación
Código del tipo de medio n
338 ## - TIPO DE SOPORTE
Fuente rdasoporte
Nombre/término del tipo de soporte volumen
Código del tipo de soporte nc
502 ## - NOTA DE TESIS
Nota de tesis Tesis Postgrado
Tipo de título MAESTRO EN TECNOLOGÍA DE LA INFORMACIÓN Y LA COMUNICACIÓN
Nombre de la institución que otorga el título USAC, Facultad de Ingeniería, Escuela de Postgrado
Año de obtención del título 2015.
Identificador de la tesis TPI-15-0065
504 ## - NOTA DE BIBLIOGRAFÍA, ETC.
Nota de bibliografía, etc. Nota Bibliografía pag. 109
505 ## - NOTA DE CONTENIDO CON FORMATO
Título 1. NECESIDADES CUBIERTAS
505 ## - NOTA DE CONTENIDO CON FORMATO
Título 2. PROPUESTA DE CAMBIOS
505 ## - NOTA DE CONTENIDO CON FORMATO
Título 3. ARQUITECTURA GENERAL DE LA SOLUCIÓN
505 ## - NOTA DE CONTENIDO CON FORMATO
Título 4. PLAN DE CONTINGENCIA, INSTALACIÓN, CAPACITACIÓN
505 ## - NOTA DE CONTENIDO CON FORMATO
Título 5. MODELO DE NEGOCIO
505 ## - NOTA DE CONTENIDO CON FORMATO
Título 6. RESULTADOS
520 #3 - RESUMEN, ETC.
Sumario, etc. El sector hospitalario es de importancia en todos los países, ya que es el ente encargado de resguardar la salud de los ciudadanos, ya sea en las instituciones públlicas o privadas. La falta de un proceso automático de control de medicamentos recetados, entregados y aplicados, genera los siguientes problemas: aplicación incorrecta de dosis, desajustes en el inventario de medicamentos y gestión inadecuada de medicamentos controlados. En este trabajo se presenta el análisis, diseño e implementación del sistema de control de medicamentos nombrado Dispensador de medicamentos, para resolver los problemas de registro electrónico de entrega de medicamentos .
650 ## - PUNTO DE ACCESO ADICIONAL DE MATERIA--TÉRMINO DE MATERIA
Término de materia o nombre geográfico como elemento de entrada AUTOMATIZACIÓN
650 ## - PUNTO DE ACCESO ADICIONAL DE MATERIA--TÉRMINO DE MATERIA
Término de materia o nombre geográfico como elemento de entrada SISTEMA DE CONTROL
700 ## - ENTRADA AGREGADA--NOMBRE PERSONAL
Nombre de persona MSc. Inga. María Aldana
Término indicativo de función/relación asesor
942 ## - ELEMENTOS DE ENTRADA SECUNDARIOS (KOHA)
Fuente de la clasificación o esquema de estantería Clasificación Decimal Dewey
Tipo de ítem Koha TESISPOSTGRADO
945 ## - PROCESAMIENTO DE INFORMACIÓN LOCAL (OCLC)
a amlo
Existencias
Estatus retirado Estado de pérdida Fuente de la clasificación o esquema de estantería Estado de daño No para préstamo Biblioteca de origen Biblioteca actual Fecha de adquisición Número de inventario Total de préstamos Signatura topográfica completa Código de barras Visto por última vez Precio de reemplazo Tipo de ítem Koha Nota pública
    Clasificación Decimal Dewey     CENTRO DE INFORMACIÓN A LA CONSTRUCCIÓN-CICON CENTRO DE INFORMACIÓN A LA CONSTRUCCIÓN-CICON 14/10/2025 P20150065   TPI-15-0065 20150065 14/10/2025 14/10/2025 TESISPOSTGRADO disponible